| 000 | 00517nas a22001817i 4500 | ||
|---|---|---|---|
| 001 | 6467 | ||
| 003 | OSt | ||
| 005 | 20170216211009.0 | ||
| 007 | tu | ||
| 008 | 161220s1996 xxu||||| |||| 00| 0 d | ||
| 024 | 7 |
_a6467 _2RID |
|
| 024 | 7 |
_a6467 _2RSN (alt) |
|
| 040 | _cOSt | ||
| 100 | 1 | _aMayerhofer, Peter | |
| 245 | 0 | 0 |
_aWirtschaftliche Effekte einer Osterweiterung der EU auf den Raum Wien _bDiskussionsfassung |
| 260 |
_aWien : _bÖsterreichisches Institut für Wirtschaftsforschung (WIFO), _c1996. |
||
| 700 | 1 | _aGeldner, Norbert | |
| 942 | _cP | ||
| 999 |
_c6034 _d6034 |
||